01166nam a22002777a 4500001001000000003000500010005001700015008004100032010001000073011001000083035001100093040000900104100003300113245025000146260004100396300001000437502018400447650002900631650003500660650003100695650002200726650002900748700002900777856006600806856001600872000095819CHAP20220329143125.0060529d2006 mx r 00110 spa d a92285 a93257 a103829 cCHAP1 aGonzález Vizcarra, Reynol.10aEvaluación técnico-financiera para el establecimiento de una planta de acopio, procesamiento y comercialización de leche de vaca, en el municipio de Atotonilco El Grande, Hidalgo /c/por Reynol González Vizcarra y Analine Becerra Romero. aChapingo, Méx. :bEl autor,c2006. a88 h. aTesis (Lic. en Administración de Empresas Agropecuarias y Lic. en Comercio Internacional de Productos Agropecuarios) - - UACH. División de Ciencias Económico Administrativas14aGanado lecheroxHidalgo.14aLechexCostos de producción.14aLechexMercadeozTlaxcala.14aLechexProcesado.14aProyectosxEvaluación.1 aBecerra Romero, Analine. 3Finding aiduhttp://10.13.5.2/tesis/103829.pdfzTeclea aquí a1 n0000876